00666nam a22001697a 4500003000900000005001700009007000300026008004100029020001800070040002600088082001500114110004700129245019200176260004600368300002100414700006100435DO-SdBNP20240301141933.0ta211108b2019 dr ||||| |||| 00| 0 spa d a9789945585506 aDO-SdBNPbspacBN`PHU 4222bR426re1 a República Dominicana.b Poder Judicial.10aResolución 2142/2018 :breglamento general sobre los mecanismos alternativos de solución de conflictos en la República Dominicana /ccoordinación general Mariano Germán Mejía. aSanto Domingo : bPoder Judicial, c2019. a47 p. ;c21 cm. 1 aGermán M., Mariano,d1946-q(Germán Mejía)ecoord.